The Achievement of Bernard Lonergan /

Guardado en:
Bibliografiske detaljer
Hovedforfatter: Tracy, David (autor)
Format: Bog
Sprog:engelsk
Udgivet: Nueva York, EUA : Herder and Herder, 1970, c1970
Fag:
Tags: Tilføj Tag
Ingen Tags, Vær først til at tagge denne postø!

MARC

LEADER 00000nam^a2200000^a^4500
001 000397202
005 20250521000000.0
009 20260526143418.209
037 |a Acervo Xavier Clavigero 
041 |a ING 
082 |a 230.  |b LON EST TRA 
100 |a Tracy, David  |e (autor) 
245 1 4 |a The Achievement of Bernard Lonergan /  |c D. Tracy ; pról. de B. Lonergan. 
264 4 |a Nueva York, EUA :  |b Herder and Herder,  |c 1970, c1970 
300 |a XV, 302 p. 
336 |a texto  |b txt  |2 rdacontenido 
337 |a sin mediación  |b n  |2 rdamedio 
338 |a volumen  |b nc  |2 rdasoporte 
545 0 |a Bernard Lonergan (1904-1984), jesuita canadiense y doctor en teología, profesor de ésta disciplina por más de treinta y cinco años, su pensamiento trata dos cuestiones fundamentales: el desarrollo de una teoría del conocimiento donde la autoapropiación del sujeto es una categoría clave, y la construcción de un método para una teología contemporánea. Desde estos aportes aborda ulteriores campos relacionados con el dinamismo transformador de la acción humana en el ámbito de la moral, lo social, la dialéctica de la historia, la autotrascendencia y la religión. Entre sus obras se encuentran La inteligencia: estudio sobre la comprensión de la experiencia, El método en teología, Gracia y libertad, El sujeto, y otras. 
649 |a XX 
650 |a Teólogos Canadienses 
650 |a Filósofos Canadienses 
650 |a Gracia (Teología) 
650 |a Etica Cristiana 
650 |a Teología Doctrinal 
650 |a Teología -  |z Europa -  |x Historia -  |y 476-1492 
650 |a Teología -  |x Historia -  |y Siglo XX 
650 |a Teología -  |x Metodología -  |x Tema Principal 
650 |a Teología -  |x Tema Principal 
650 |a Cristianismo 
650 |a Religión 
650 |a Lonergan, Bernard -  |x Tema Principal 
910 |a Fondo General 
920 |a Impresos - Libros 
930 |a Colección General 
905 |a 101 
901 |a 0500292568  |b IT1  |c ACC  |u 20250521 
901 |a 0500292565  |b IT1  |c ACC  |u 20250521 
902 |a https://opac.biblio.iteso.mx/vufind/Record/000397202